Statistics for Films (Movies) with Colours in their Titles

Click here to take the quiz!

General Stats

  • This quiz has been taken 82 times
  • The average score is 6 of 12

Answer Stats

HintYearAnswer% Correct
Hapless / hopeless French detective Peter Sellars tries to thwart a jewel thief.1963The Pink Panther
81%
Psychedelic animation set to music from The Beatles.1968Yellow Submarine
81%
Smartly dressed agents must prevent civilians finding out that aliens (including some naughty ones) are living on planet Earth.1997Men in Black
78%
A suave Sean Connery plays Bond opposite Pussy Galore, in the third of the spy film series.1964Goldfinger
76%
Violent Alex is rehabilitated by aversion therapy, but has he really turned Good? The film's title suggest his internal workings are just mechanical and automatic.1971A Clockwork Orange
72%
Whoopi Goldberg finds two strong female friends to help her through violence, poverty, sexism and racism in early C20th Georgia.1985The Color Purple
63%
Controversial for its sex and violence, this is a neo-noir film directed by David Lynch. It's named after a Bobby Vinton song from 1963.1986Blue Velvet
55%
Pam Gier plays the title role as a Mexican Airways flight attendant, in Tarantino's 'blaxploitation' crime film homage.1997Jackie Brown
46%
In a dystopian future, food is running short. Hang on, where are all those dead bodies being taken off to?1973Soylent Green
46%
This is a documentary about Big Edie and Little Edie, who were once well-to-do, but now their house is falling into disrepair and infested with cats and fleas.1975Grey Gardens
18%
Alec Guinness invents an indestructable fabric that never gets dirty. His textile factory colleagues don't like the sound of it.1951The Man in the White Suit
14%
Judi Dench and Maggie Smith are rather delighted to find a handsome Polish violinist washed up on their Cornish beach.2004Ladies in Lavender
13%

Score Distribution

Percentile by Number Answered

Percent of People with Each Score

Your Score History

You have not taken this quiz